• 首页
  • 本馆介绍
  • 公告通知
  • 最新文献
  • 馆藏检索
  • 电子资源
  • 读者导购
  • 参考咨询
  • 我的图书馆
  • 登录
  • 详细信息显示
  • 放入我的书架
  • 预约/预借图书
  • 作者相关作品
  • 分类相关作品
  • 丛书相关作品
  • 出版社相关作品

书目信息

  • 表格格式
  • 工作单格式
  • 卡片格式
题名:
帮助孩子发展思维
    
 
作者: 沃利 著 ;利瓦伊 , 李爱军 , 胡庆芳 绘
分册:  
出版信息: 北京   中国人民大学出版社  2016
页数: 260页
开本: 21cm
丛书名: 陪孩子成长系列丛书
单 册:
中图分类: B842.5
科图分类:
主题词: 思维方法--能力培养--青少年读物
电子资源:
ISBN: 978-7-300-22690-3
000 01282oam2 2200289 450
001 3782
005 20180527193259.44
010    @a978-7-300-22690-3@dCNY48.00
100    @a20160429d2016 demy0chiy50 ea
101 0  @achi
102    @aCN@b110000
105    @ay z 000yy
200 1  @a帮助孩子发展思维@9bang zhu hai zi fa zhan si wei@b专著@dThe if machine: philosophical enquiry in the classroom@f(英)彼得·沃利(Peter Worley)著@g(英)塔玛·利瓦伊(Tamar Levi)绘@g李爱军译@g胡庆芳校@zeng
210    @a北京@c中国人民大学出版社@d2016
215    @a260页@d21cm
225 1  @a陪孩子成长系列丛书
330    @a本书提供了丰富实用的“哲学思想实验”——精心设计的虚构场景,旨在通过深刻的思考来检验某个想法或某种直觉。本书以众所周知的哲学理论为基础,以适合儿童的水平来编写。每一章都有一个虚构的场景,配上一系列问题来鼓励孩子去质询哲学领域里的“难题”。
461  0 @12001 @a陪孩子成长系列丛书
510 1  @aIf machine: philosophical enquiry in the classroom@zeng
606 0  @a思维方法@x能力培养@j青少年读物
690    @aB842.5@v5
701  0 @c(英)@a沃利@9wo li@c(Worley, Peter)@4著
702  0 @c(英)@a利瓦伊@9li wa yi@c(Levi, Tamar)@4绘
702  0 @a李爱军@9li ai jun@4译
702  0 @a胡庆芳@9hu qing fang@4校
801  0 @aCN@b91MARC@c20160705
905    @aMuseLib@dB842.5@e2286
    
    帮助孩子发展思维=The if machine: philosophical enquiry in the classroom/(英)彼得·沃利(Peter Worley)著/(英)塔玛·利瓦伊(Tamar Levi)绘/李爱军译/胡庆芳校.-北京:中国人民大学出版社,2016
    260页;21cm.-(陪孩子成长系列丛书)
    
    
    ISBN 978-7-300-22690-3:CNY48.00
    本书提供了丰富实用的“哲学思想实验”——精心设计的虚构场景,旨在通过深刻的思考来检验某个想法或某种直觉。本书以众所周知的哲学理论为基础,以适合儿童的水平来编写。每一章都有一个虚构的场景,配上一系列问题来鼓励孩子去质询哲学领域里的“难题”。
●
相关链接 在E读中查询图书 在五车中查询图书 在当当中查询图书 在豆瓣中查询图书


正题名:帮助孩子发展思维     索取号:B842.5/2286         预约/预借

序号 登录号 条形码 馆藏地/架位号 状态 备注
1 1110591   211105917   第一样本阅览室/ [索取号:B842.5/2286] 在馆    
2 1110592   211105926   教育系资料室/ [索取号:B842.5/2286] 在馆    
3 1110593   211105935   教育系资料室/ [索取号:B842.5/2286] 在馆    
4 1110594   211105944   第一借阅区/ [索取号:B842.5/2286] 在馆    
唐山师范学院图书馆 欢迎您!
大连网信软件有限公司© 版权所有